000 00438nam a2200181Ia 4500
001 7524
005 20260306160501.0
008 260306t2012||||xx |||||||||||||| ||spa||
041 _aESP
082 _a339
_bV32
100 _aVargas Valbuena, Martha Alicia
_eAUT
245 0 _aMacroeconomía básica:
_bcon indicadores económicos
260 _c2012
300 _a205
_c
650 _aGEN
654 _aCAN
942 _cLIB
_dJUS
_fJUS
_2ddc
_n
999 _c7524
_d7524